Principios fundamentales de contabilidad
Na minha lista:
| Main Authors: | , |
|---|---|
| Formato: | Livro |
| Idioma: | espanhol |
| Publicado em: |
Ciudad de México
Herrero Hermanos, Sucesores
1975
|
| Edição: | 6a. ed |
| Assuntos: | |
| Tags: |
Adicionar Tag
Sem tags, seja o primeiro a adicionar uma tag!
|
MARC
| LEADER | 00000nam a2200000 a 4500 | ||
|---|---|---|---|
| 001 | UCR3265 | ||
| 003 | CL-VaPUC | ||
| 008 | 980124e19750000MX |||||||||||||||||spa|d | ||
| 082 | 0 | 4 | |a 657 |b PYL |2 21 |
| 100 | 0 | |a Pyle, William W |e author |9 402212 | |
| 700 | 0 | |a White, John Arch |e author |9 402213 | |
| 245 | 1 | 0 | |a Principios fundamentales de contabilidad |
| 250 | |a 6a. ed | ||
| 300 | |a 512 p | ||
| 942 | |c BK | ||
| 945 | |d 19980124 00:00:00 |a crobeson | ||
| 260 | |a Ciudad de México |b Herrero Hermanos, Sucesores |c 1975 | ||
| 650 | 0 | |a Contabilidad |9 261430 | |
| 650 | 0 | |a Ciencias administrativas |9 337994 | |
| 650 | 0 | |a Auditoría |9 307008 | |
| 650 | 0 | |a Contabilidad de costos |9 260564 | |
| 583 | |a last modification |c 19980124 00:00:00 |k Rodrigo Vera | ||
| 999 | |c 266360 |d 266358 | ||
| 952 | |0 0 |1 0 |4 0 |6 657_000000000000000_PYL_1975 |7 0 |8 A |9 297887 |a BIBENE |b BIBENE |d 2019-11-20 |i 1936344 |o 657 PYL 1975 |p 1936344 |r 2025-01-15 |w 2019-11-20 |y BK |k ICO | ||